000 00663nam a2200217 a 4500
001 49956
003 BD-RjUL
005 20211209075433.0
008 160816s1937 enk 000 0 eng d
035 _a(BD-RjUL)50076
040 _aREB
_cREB
_dWSU
_dBD-RjUL
_beng
041 _aeng
082 _223
_a378.794
_bELS 1937
090 _aLD3028
_b.E55
100 1 _aElliott, Orrin Leslie
_d1860-
_9149713
245 0 0 _aStanford University :
_bthe first twenty-five years /
_cOrrin Leslie Elliott
260 _aCalifornia :
_bStanford Univ. Press,
_c1937
300 _axiii, 624 p.:
_bill. ;
_c24 cm.
650 _aStanford University.
_vHistory
_9162149
942 _2ddc
_cBK
999 _c49956
_d49956